000 00386nam a2200145Ia 4500
008 191201s2004 xx 000 0 und d
082 _a621.01
_bPOS
100 _aPOTTER, Merle C
245 0 _aSchaum's Outlines Thermodynamics for Engineers
250 _a2nd Rep
260 _aN.Delhi
_bTata Mc Graw Hill Pub. Co. Ltd
_c2004
300 _a371
650 _aB.Tech(ME)
942 _2ddc
_cBK
999 _c1240
_d1240